| 000 | 00751cam a2200181 4500 | ||
|---|---|---|---|
| 001 | ABS61211 | ||
| 008 | 000000n1999 000 0 eng u | ||
| 035 | _a(Sirsi) u101808 | ||
| 100 | _aMulkeen, A. | ||
| 245 | _aFinding new uses for redundant churches. | ||
| 260 | _c1999 | ||
| 490 |
_aContext _v(63) September 1999, 6-7(2) |
||
| 520 | _aGives an overview of the legal and administrative process of finding an alternative use for a redundant Church of England church. Describes procedures defined under the Pastoral Measures scheme, which has the force of an act of parliament, and the role of the Church Commissioners and diocesan bodies. | ||
| 650 | _aCHURCHES | ||
| 650 | _aECCLESIASTICAL BUILDINGS | ||
| 690 | _aCONSERVATION | ||
| 942 | _n0 | ||
| 999 |
_c60921 _d60921 |
||